[Event "POL-chT2"]
[Site "Poronin"]
[Date "2013.09.14"]
[Round "8.81"]
[White "Glatty, Zbigniew"]
[Black "Lunkiewicz, Dariusz"]
[Result "1/2-1/2"]
[WhiteElo "1911"]
[BlackElo "2057"]
[PlyCount "80"]
[EventDate "2013.09.06"]
[EventType "team-swiss"]
[EventRounds "9"]
[EventCountry "POL"]
[SourceTitle "EXT 2015"]
[Source "ChessBase"]
[SourceDate "2014.11.20"]
[SourceVersion "1"]
[SourceVersionDate "2014.11.20"]
[SourceQuality "1"]
[WhiteTeam "Steszew Lipno"]
[BlackTeam "Bydgoszcz SSz Pocztowiec"]
[WhiteTeamCountry "POL"]
[BlackTeamCountry "POL"]

1. e4 c5 2. Nf3 Nc6 3. d4 cxd4 4. Nxd4 g6 5. c4 Bg7 6. Be3 Nf6 7. Nc3 Ng4 8. Qxg4 Bxd4 9. Bxd4 Nxd4 10. Qd1 e5 11. Nb5 Nxb5 12. cxb5 0-0 13. Bc4 Qe7 14. 0-0 d6 15. Qb3 Kh8 16. b6 f5 17. exf5 Bxf5 18. Bd5 axb6 19. Qxb6 Rad8 20. a4 Bd3 21. Rfd1 Bc2 22. Rdc1 Rc8 23. b4 Bxa4 24. Bxb7 Rxc1+ 25. Rxc1 Qf7 26. g3 d5 27. Rc7 Qf3 28. Qe3 Qxe3 29. fxe3 d4 30. exd4 exd4 31. Ba6 Rb8 32. b5 Rb6 33. Rc4 Bxb5 34. Bxb5 Rxb5 35. Rxd4 Kg7 36. h4 h5 37. Kg2 Rb3 38. Rf4 Ra3 39. Rf2 Rb3 40. Rf4 Ra3 1/2-1/2

[Event "POL-chT2"]
[Site "Poronin"]
[Date "2013.09.13"]
[Round "7.69"]
[White "Lunkiewicz, Dariusz"]
[Black "Rozycki, Bartlomiej"]
[Result "0-1"]
[WhiteElo "2057"]
[BlackElo "2002"]
[PlyCount "92"]
[EventDate "2013.09.06"]
[EventType "team-swiss"]
[EventRounds "9"]
[EventCountry "POL"]
[SourceTitle "EXT 2015"]
[Source "ChessBase"]
[SourceDate "2014.11.20"]
[SourceVersion "1"]
[SourceVersionDate "2014.11.20"]
[SourceQuality "1"]
[WhiteTeam "Bydgoszcz SSz Pocztowiec"]
[BlackTeam "Chylice UKS Szachylice"]
[WhiteTeamCountry "POL"]
[BlackTeamCountry "POL"]

1. d4 Nf6 2. Nf3 g6 3. Bf4 Bg7 4. Nbd2 0-0 5. e3 d6 6. Be2 Nh5 7. Bg3 Nxg3 8. hxg3 Nd7 9. 0-0 Nf6 10. c3 Bf5 11. Nh2 e5 12. Nc4 e4 13. g4 Be6 14. Qe1 d5 15. Nd2 Bh6 16. c4 c6 17. Qd1 Qd7 18. Re1 Kh8 19. c5 Rg8 20. Ndf1 Raf8 21. b4 Ne8 22. Rb1 f5 23. b5 Nf6 24. Qa4 fxg4 25. bxc6 bxc6 26. Ba6 Rb8 27. Rb3 Rxb3 28. Qxb3 Qc7 29. Rb1 Bc8 30. Be2 Bg7 31. Qb4 h5 32. g3 Rf8 33. Rb2 Nh7 34. Bd1 Ng5 35. Qb8 Nh3+ 36. Kg2 Rxf2+ 37. Kh1 Qf7 38. Qxc8+ Kh7 39. Bxg4 Rxf1+ 40. Nxf1 Qxf1+ 41. Kh2 Nf2 42. Rxf2 Qxf2+ 43. Kh3 hxg4+ 44. Kxg4 Qf3+ 45. Kh3 Qf5+ 46. Qxf5 gxf5 0-1

[Event "POL-chT2"]
[Site "Poronin"]
[Date "2013.09.11"]
[Round "4.63"]
[White "Lunkiewicz, Dariusz"]
[Black "Adamowicz, Katarzyna"]
[Result "0-1"]
[WhiteElo "2057"]
[BlackElo "2099"]
[PlyCount "124"]
[EventDate "2013.09.06"]
[EventType "team-swiss"]
[EventRounds "9"]
[EventCountry "POL"]
[SourceTitle "EXT 2015"]
[Source "ChessBase"]
[SourceDate "2014.11.20"]
[SourceVersion "1"]
[SourceVersionDate "2014.11.20"]
[SourceQuality "1"]
[WhiteTeam "Bydgoszcz SSz Pocztowiec"]
[BlackTeam "Myslenice MLKSz"]
[WhiteTeamCountry "POL"]
[BlackTeamCountry "POL"]

1. d4 Nf6 2. Nf3 g6 3. Bf4 Bg7 4. e3 0-0 5. Be2 d6 6. Nbd2 Nfd7 7. c3 e5 8. Bg3 Nc6 9. h4 Qe7 10. d5 Nd8 11. h5 f5 12. Bh4 Nf6 13. hxg6 hxg6 14. Qb3 Nf7 15. Ng5 c6 16. c4 e4 17. 0-0-0 cxd5 18. Nb1 Qc7 19. Nc3 Nxg5 20. Bxg5 Be6 21. cxd5 Bf7 22. Kb1 a6 23. g4 Qc8 24. Bf4 fxg4 25. Na4 Qf5 26. Nb6 Rad8 27. Bc4 Nh5 28. Bg3 Nxg3 29. fxg3 Qe5 30. Be2 Qxg3 31. Rhg1 Qe5 32. Bxg4 Qe7 33. Rdf1 Be5 34. Bf5 Kg7 35. Qc2 Bf6 36. Qg2 g5 37. Qg4 Qe5 38. Rg2 Bxd5 39. Qh5 Rf7 40. Qh7+ Kf8 41. Qh6+ Ke7 42. Bg6 Rh8 43. Qxh8 Bxh8 44. Nxd5+ Qxd5 45. Rxf7+ Ke6 46. a3 Qd3+ 47. Ka2 Qxe3 48. Rxb7 Bf6 49. Rc2 g4 50. Rb3 Qf4 51. Rb4 d5 52. Rc6+ Ke5 53. Rbb6 Bg5 54. Re6+ Kd4 55. Rb4+ Kc5 56. Bxe4 dxe4 57. Rexe4 Qf7+ 58. Ka1 Bd2 59. Rxg4 Bxb4 60. Rxb4 a5 61. Rh4 Qe7 62. Rh1 Qe3 0-1

[Event "POL-chT 2nd League"]
[Site "Lazy"]
[Date "2012.09.08"]
[Round "8"]
[White "Lunkiewicz, Dariusz"]
[Black "Mazalon, Mariusz"]
[Result "1/2-1/2"]
[WhiteElo "2052"]
[BlackElo "2000"]
[PlyCount "82"]
[EventDate "2012.09.01"]
[EventType "team-swiss"]
[EventRounds "9"]
[EventCountry "POL"]
[SourceTitle "EXT 2019"]
[Source "ChessBase"]
[SourceDate "2018.10.10"]
[SourceVersion "1"]
[SourceVersionDate "2018.10.10"]
[SourceQuality "1"]
[WhiteTeam "Bydgoszcz SSz Pocztowiec"]
[BlackTeam "Bydgoszcz Hetman"]
[WhiteTeamCountry "POL"]
[BlackTeamCountry "POL"]

1. d4 Nf6 2. Nf3 e6 3. Bf4 b6 4. e3 Bb7 5. Be2 Bd6 6. Bxd6 cxd6 7. 0-0 d5 8. c4 dxc4 9. Bxc4 0-0 10. Nbd2 d6 11. Qe2 a6 12. Bd3 b5 13. Rac1 Nbd7 14. h3 Rc8 15. Rfd1 Qa5 16. a3 Rxc1 17. Rxc1 Rc8 18. Rxc8+ Bxc8 19. Ne4 Qc7 20. Nxf6+ Nxf6 21. Qc2 Qxc2 22. Bxc2 Bb7 23. Ne1 Kf8 24. Kf1 Ke7 25. Ke2 h6 26. g3 g5 27. f3 Nd7 28. Nd3 f5 29. Nf2 Nf6 30. e4 fxe4 31. Nxe4 Nxe4 32. Bxe4 Bxe4 33. fxe4 h5 34. g4 hxg4 35. hxg4 e5 36. dxe5 dxe5 37. b4 Kd6 38. Kd3 Kc6 39. Kc3 Kb6 40. Kb3 Kc6 41. Kc3 Kd6 1/2-1/2

[Event "POL-chT 2nd League"]
[Site "Lazy"]
[Date "2012.09.07"]
[Round "7"]
[White "Kielbratowski, Aleksander"]
[Black "Lunkiewicz, Dariusz"]
[Result "1/2-1/2"]
[WhiteElo "2096"]
[BlackElo "2052"]
[PlyCount "85"]
[EventDate "2012.09.01"]
[EventType "team-swiss"]
[EventRounds "9"]
[EventCountry "POL"]
[SourceTitle "EXT 2019"]
[Source "ChessBase"]
[SourceDate "2018.10.10"]
[SourceVersion "1"]
[SourceVersionDate "2018.10.10"]
[SourceQuality "1"]
[WhiteTeam "Lubsko Caissa"]
[BlackTeam "Bydgoszcz SSz Pocztowiec"]
[WhiteTeamCountry "POL"]
[BlackTeamCountry "POL"]

1. e4 g6 2. d4 Bg7 3. Nc3 d6 4. Be3 Nf6 5. f3 c6 6. Qd2 Qa5 7. Bh6 Bxh6 8. Qxh6 b5 9. Qd2 a6 10. Nge2 Nbd7 11. a3 Qc7 12. g3 Bb7 13. Bg2 h5 14. h4 c5 15. d5 Ne5 16. b3 Qb6 17. Nd1 Nfd7 18. Ne3 a5 19. a4 b4 20. Nc1 Ba6 21. Nd3 Rc8 22. Nxe5 Nxe5 23. f4 Nd7 24. Bf1 Nf6 25. Bxa6 Qxa6 26. Qd3 Qxd3 27. cxd3 Ra8 28. Ke2 Kd7 29. Nc4 Ra6 30. Rad1 e6 31. dxe6+ fxe6 32. Ne3 d5 33. e5 Ng4 34. Nxg4 hxg4 35. Rc1 Rc6 36. Rc2 Kc7 37. Rhc1 Kb6 38. d4 Rhc8 39. Rxc5 Rxc5 40. Rxc5 Rxc5 41. dxc5+ Kxc5 42. Kd3 Kb6 43. Ke3 1/2-1/2

[Event "POL-chT3 1112"]
[Site "Poland"]
[Date "2012.04.01"]
[Round "10.21"]
[White "Lunkiewicz, Dariusz"]
[Black "Tamon, Radoslaw"]
[Result "1-0"]
[WhiteElo "2074"]
[BlackElo "1632"]
[PlyCount "61"]
[EventDate "2011.11.06"]
[EventType "team-tourn"]
[EventRounds "11"]
[EventCountry "POL"]
[SourceTitle "EXT 2015"]
[Source "ChessBase"]
[SourceDate "2014.11.20"]
[SourceVersion "1"]
[SourceVersionDate "2014.11.20"]
[SourceQuality "1"]
[WhiteTeam "Bydgoszcz SSz Pocztowiec"]
[BlackTeam "Torun UKS OPP"]
[WhiteTeamCountry "POL"]
[BlackTeamCountry "POL"]

1. d4 d5 2. Nf3 Nf6 3. Bf4 e6 4. e3 Bd6 5. Bg3 0-0 6. Bd3 b6 7. Nbd2 c5 8. c3 Bb7 9. Ne5 Nc6 10. f4 cxd4 11. exd4 Qc7 12. 0-0 a6 13. Rf3 b5 14. a3 Nd7 15. Bf2 f5 16. Nxd7 Qxd7 17. Qe2 Rf6 18. Rf1 Rg6 19. Bh4 Qf7 20. Rh3 Ra7 21. Bg3 Rg4 22. Qe3 Bc8 23. Be2 Qg6 24. Nf3 Re7 25. Ne5 Bxe5 26. dxe5 Rd7 27. Rd1 Ne7 28. Bf3 Rd8 29. Bh4 Re8 30. Bxe7 Rxe7 31. Bxg4 1-0

[Event "POL-chT3 Kujawsko Pomorskie 1011"]
[Site "Poland"]
[Date "2011.02.27"]
[Round "7.21"]
[White "Jablonski, Miroslaw"]
[Black "Lunkiewicz, Dariusz"]
[Result "0-1"]
[WhiteElo "2049"]
[BlackElo "2073"]
[PlyCount "137"]
[EventDate "2010.11.07"]
[EventType "team-tourn"]
[EventRounds "11"]
[EventCountry "POL"]
[SourceTitle "EXT 2019"]
[Source "ChessBase"]
[SourceDate "2018.10.10"]
[SourceVersion "1"]
[SourceVersionDate "2018.10.10"]
[SourceQuality "1"]

1. d4 Nf6 2. Nf3 g6 3. c4 c5 4. d5 b5 5. cxb5 a6 6. b6 Qxb6 7. Nc3 d6 8. Nd2 Bg7 9. e4 Nbd7 10. Nc4 Qc7 11. Be2 0-0 12. 0-0 Nb6 13. Nxb6 Qxb6 14. Rb1 Bd7 15. Be3 Qc7 16. f4 Rfb8 17. g4 Bb5 18. g5 Nd7 19. Rf2 Bxe2 20. Rxe2 Nb6 21. Qd3 Qd7 22. Rg2 Na4 23. Nxa4 Qxa4 24. b3 Qb5 25. Rd1 a5 26. Rc2 a4 27. Qxb5 Rxb5 28. Rd3 axb3 29. Rxb3 Rxb3 30. axb3 Ra3 31. Kf2 Rxb3 32. Ke2 f6 33. h4 Kf7 34. Ra2 fxg5 35. hxg5 h6 36. gxh6 Bxh6 37. Ra4 Bg7 38. Ra2 c4 39. Rc2 c3 40. Kd3 Rb1 41. Bc1 Rb8 42. Rh2 Rb4 43. Be3 Rb1 44. Rc2 Re1 45. Bf2 Rh1 46. Kc4 Rd1 47. Be3 Rh1 48. Bd4 Rf1 49. Bf2 Bh6 50. Kxc3 Bxf4 51. Kd3 Be5 52. Ke2 Rh1 53. Kf3 Rh2 54. Rc1 g5 55. Rg1 Bf4 56. Rg4 Rh3+ 57. Ke2 Kf6 58. Bd4+ Kg6 59. Rg2 Ra3 60. Kf1 Ra4 61. Bf2 Rxe4 62. Rg1 Kf5 63. Kg2 Re2 64. Rd1 g4 65. Kf1 Ra2 66. Bh4 Bg5 67. Bf2 Rc2 68. Kg1 Bf4 69. Bh4 0-1

[Event "POL-chT4 Kujawsko Pomorskie 0910"]
[Site "Poland"]
[Date "2010.04.26"]
[Round "10.2"]
[White "Kaczmarczyk, Pawel"]
[Black "Lunkiewicz, Dariusz"]
[Result "0-1"]
[WhiteElo "1602"]
[BlackElo "2057"]
[PlyCount "46"]
[EventDate "2009.11.08"]
[EventType "team-swiss"]
[EventRounds "11"]
[EventCountry "POL"]
[SourceTitle "EXT 2020"]
[Source "ChessBase"]
[SourceDate "2019.10.17"]
[SourceVersion "1"]
[SourceVersionDate "2019.10.17"]
[SourceQuality "1"]

1. e4 c5 2. f4 Nc6 3. Nf3 g6 4. Bb5 Bg7 5. Nc3 Nd4 6. 0-0 a6 7. Bc4 b5 8. Bd5 Rb8 9. d3 e6 10. Bb3 Ne7 11. Kh1 0-0 12. Nxd4 cxd4 13. Ne2 d5 14. exd5 Nxd5 15. Bxd5 Qxd5 16. Rf3 Bb7 17. Rg3 Rbc8 18. c3 e5 19. cxd4 exd4 20. Qf1 f5 21. b3 Rc2 22. Ba3 Re8 23. Re1 Qe6 0-1

[Event "POL-chT4 Kujawsko Pomorskie 0910"]
[Site "Poland"]
[Date "2009.11.22"]
[Round "2.13"]
[White "Lunkiewicz, Dariusz"]
[Black "Bankert, Krzysztof"]
[Result "1-0"]
[WhiteElo "2057"]
[BlackElo "1945"]
[PlyCount "87"]
[EventDate "2009.11.08"]
[EventType "team-swiss"]
[EventRounds "11"]
[EventCountry "POL"]
[SourceTitle "EXT 2020"]
[Source "ChessBase"]
[SourceDate "2019.10.17"]
[SourceVersion "1"]
[SourceVersionDate "2019.10.17"]
[SourceQuality "1"]

1. d4 Nf6 2. Nf3 g6 3. Bf4 Bg7 4. Nbd2 d5 5. e3 0-0 6. Be2 Nbd7 7. h4 h5 8. Ne5 Nxe5 9. Bxe5 Nh7 10. g4 hxg4 11. Bxg4 f5 12. Be2 Bxe5 13. dxe5 c5 14. c3 Kh8 15. f4 Be6 16. Nf3 Rb8 17. h5 gxh5 18. Rxh5 Bf7 19. Rh1 Rg8 20. Qd2 b5 21. 0-0-0 e6 22. Rh6 Rg6 23. Rh2 b4 24. c4 Qa5 25. b3 Qa3+ 26. Kb1 Qa5 27. Rdh1 Rg7 28. Ng5 Bg8 29. cxd5 exd5 30. e6 Qd8 31. Qb2 d4 32. Rd1 Qb6 33. exd4 Bxe6 34. Nxe6 Qxe6 35. dxc5 Rf8 36. Rxh7+ Kxh7 37. Rh1+ Qh6 38. Rxh6+ Kxh6 39. Qe5 Rff7 40. Bd3 Re7 41. Qf6+ Kh7 42. Bxf5+ Kg8 43. Be6+ Kh8 44. Qh6+ 1-0

[Event "POL-chT3 Kujawsko Pomorskie 0809"]
[Site "Poland"]
[Date "2009.02.08"]
[Round "7.3"]
[White "Gorski, Leszek"]
[Black "Lunkiewicz, Dariusz"]
[Result "1-0"]
[WhiteElo "2109"]
[BlackElo "2082"]
[PlyCount "83"]
[EventDate "2008.11.09"]
[EventType "team-tourn"]
[EventRounds "11"]
[EventCountry "POL"]
[SourceTitle "EXT 2019"]
[Source "ChessBase"]
[SourceDate "2018.10.10"]
[SourceVersion "1"]
[SourceVersionDate "2018.10.10"]
[SourceQuality "1"]

1. d4 Nf6 2. c4 c5 3. Nf3 g6 4. Nc3 cxd4 5. Nxd4 Nc6 6. e4 Bg7 7. Be3 Ng4 8. Qxg4 Bxd4 9. Bxd4 Nxd4 10. Qd1 e5 11. Bd3 d6 12. Qd2 Be6 13. 0-0 g5 14. Ne2 Nc6 15. Rad1 Qe7 16. b3 Rd8 17. Bb1 f6 18. Qd3 0-0 19. Rd2 Qc7 20. Rfd1 Rf7 21. a3 Rfd7 22. Ba2 Bg4 23. f3 Be6 24. b4 a5 25. Qc3 Kf7 26. c5 Bxa2 27. Rxa2 dxc5 28. Rxd7+ Qxd7 29. Qxc5 Qd1+ 30. Kf2 Qb3 31. Nc1 Qe6 32. bxa5 g4 33. Rb2 Rd7 34. Ne2 gxf3 35. Kxf3 f5 36. Qc2 f4 37. Rb6 h5 38. h3 Qd6 39. Qb3+ Kf6 40. Kf2 Qc5+ 41. Kf3 Qxa5 42. Rb5 1-0

[Event "POL-chT3 Kujawsko Pomorskie 0809"]
[Site "Poland"]
[Date "2008.12.21"]
[Round "4.3"]
[White "Lunkiewicz, Dariusz"]
[Black "Zmijewski, Bogumil"]
[Result "1-0"]
[WhiteElo "2082"]
[BlackElo "1849"]
[PlyCount "75"]
[EventDate "2008.11.09"]
[EventType "team-tourn"]
[EventRounds "11"]
[EventCountry "POL"]
[SourceTitle "EXT 2019"]
[Source "ChessBase"]
[SourceDate "2018.10.10"]
[SourceVersion "1"]
[SourceVersionDate "2018.10.10"]
[SourceQuality "1"]

1. d4 d5 2. Nf3 c6 3. Bf4 Nf6 4. e3 Qb6 5. Qc1 Bf5 6. Nbd2 h6 7. Be2 e6 8. 0-0 Be7 9. Ne5 Nbd7 10. c4 c5 11. Qc3 cxd4 12. exd4 Bb4 13. Nxd7 Kxd7 14. Qe3 Bxd2 15. Qxd2 Ne4 16. Qe3 dxc4 17. Bxc4 Nf6 18. Qe5 Rac8 19. b3 Rhd8 20. d5 Ke7 21. Rfe1 Kf8 22. dxe6 fxe6 23. h3 h5 24. Bg5 Kf7 25. Bxf6 gxf6 26. Qxf5 Rc6 27. Qxh5+ Kg7 28. Qg4+ Kf7 29. Rad1 Rdd6 30. a4 a6 31. Rxd6 Rxd6 32. Rxe6 Rxe6 33. Bxe6+ Qxe6 34. Qxe6+ Kxe6 35. Kf1 Ke5 36. Ke2 Kd4 37. h4 f5 38. h5 1-0

[Event "POL-chT3 Kujawsko Pomorskie 0809"]
[Site "Poland"]
[Date "2008.12.07"]
[Round "3.3"]
[White "Majdan, Damian"]
[Black "Lunkiewicz, Dariusz"]
[Result "1/2-1/2"]
[WhiteElo "1828"]
[BlackElo "2082"]
[PlyCount "63"]
[EventDate "2008.11.09"]
[EventType "team-tourn"]
[EventRounds "11"]
[EventCountry "POL"]
[SourceTitle "EXT 2019"]
[Source "ChessBase"]
[SourceDate "2018.10.10"]
[SourceVersion "1"]
[SourceVersionDate "2018.10.10"]
[SourceQuality "1"]

1. b3 Nf6 2. Bb2 d5 3. Nf3 c5 4. d3 Nc6 5. Nbd2 g6 6. g3 Bg7 7. Bg2 0-0 8. Ne5 Nxe5 9. Bxe5 Be6 10. 0-0 Qd7 11. c4 Rad8 12. Rc1 b6 13. Nf3 Bh3 14. d4 Bxg2 15. Kxg2 cxd4 16. cxd5 Qxd5 17. Qxd4 Qe6 18. Qb2 Rd7 19. Rfd1 Rxd1 20. Rxd1 h6 21. e3 Nh5 22. Bxg7 Nxg7 23. Qd4 Nf5 24. Qe5 Qc6 25. e4 Nd6 26. Nd4 Qxe4+ 27. Qxe4 Nxe4 28. Re1 Nc3 29. Rxe7 Rd8 30. Nc6 Rd2 31. Rxa7 Rxa2 32. Rxa2 1/2-1/2

[Event "POL-chT3 Kujawsko Pomorskie 0708"]
[Site "Poland"]
[Date "2008.02.10"]
[Round "7.28"]
[White "Jastrzebski, Wlodzimierz"]
[Black "Lunkiewicz, Dariusz"]
[Result "1-0"]
[WhiteElo "1781"]
[BlackElo "2098"]
[PlyCount "61"]
[EventDate "2007.11.04"]
[EventType "team-tourn"]
[EventRounds "11"]
[EventCountry "POL"]
[SourceTitle "EXT 2019"]
[Source "ChessBase"]
[SourceDate "2018.10.10"]
[SourceVersion "1"]
[SourceVersionDate "2018.10.10"]
[SourceQuality "1"]

1. e4 c5 2. Nf3 Nc6 3. d4 cxd4 4. Nxd4 g6 5. Nxc6 bxc6 6. Bd3 Bg7 7. 0-0 Nf6 8. Nc3 0-0 9. e5 Nd5 10. Nxd5 cxd5 11. f4 d6 12. Qe2 Bb7 13. e6 f5 14. Rb1 Bc8 15. c4 d4 16. g4 Rf6 17. gxf5 gxf5 18. Bxf5 Rxf5 19. Qe4 Bxe6 20. Qxe6+ Rf7 21. Qd5 Rc8 22. b3 Rc5 23. Qe6 Kf8 24. Qe4 Kg8 25. Bd2 Qc8 26. Rbe1 Rf6 27. Rf3 Rg6+ 28. Rg3 Rxg3+ 29. hxg3 Bf6 30. Kg2 Kg7 31. Rh1 1-0

[Event "POL-chT3 0607"]
[Site "Poland"]
[Date "2007.04.01"]
[Round "11.21"]
[White "Lunkiewicz, Dariusz"]
[Black "Paprocki, Jaroslaw"]
[Result "0-1"]
[WhiteElo "2107"]
[BlackElo "2263"]
[PlyCount "64"]
[EventDate "2006.11.12"]
[EventType "team"]
[EventRounds "11"]
[EventCountry "POL"]
[SourceTitle "EXT 2009"]
[Source "ChessBase"]
[SourceDate "2008.11.26"]
[SourceVersion "1"]
[SourceVersionDate "2008.11.26"]
[SourceQuality "1"]

1. d4 f5 2. g3 Nf6 3. Bg2 g6 4. Nh3 Bg7 5. 0-0 0-0 6. c4 d6 7. f3 Nc6 8. Nc3 e5 9. d5 Ne7 10. Qb3 b6 11. a4 a5 12. Be3 f4 13. gxf4 Nf5 14. Bf2 Nh5 15. e4 Nh4 16. Ne2 Nxg2 17. Kxg2 Bxh3+ 18. Kxh3 Nxf4+ 19. Nxf4 exf4 20. Rg1 Be5 21. Rad1 Qf6 22. Rd2 Rf7 23. Qb5 g5 24. Kg2 h5 25. Kf1 Rg7 26. h3 Rd8 27. Be1 Bd4 28. Rgg2 g4 29. hxg4 hxg4 30. Qb3 Be3 31. Rd1 gxf3 32. Rf2 Qg5 0-1

[Event "POL-chT3 0607"]
[Site "Poland"]
[Date "2007.03.04"]
[Round "9.27"]
[White "Lunkiewicz, Dariusz"]
[Black "Rak, Tomasz"]
[Result "1-0"]
[WhiteElo "2107"]
[BlackElo "2096"]
[PlyCount "105"]
[EventDate "2006.11.12"]
[EventType "team"]
[EventRounds "11"]
[EventCountry "POL"]
[SourceTitle "EXT 2009"]
[Source "ChessBase"]
[SourceDate "2008.11.26"]
[SourceVersion "1"]
[SourceVersionDate "2008.11.26"]
[SourceQuality "1"]

1. d4 Nf6 2. Nf3 c5 3. g3 cxd4 4. Nxd4 g6 5. Bg2 Bg7 6. 0-0 Nc6 7. c4 Qb6 8. Nb3 a5 9. Nc3 a4 10. Nd2 Qa5 11. e4 0-0 12. Re1 Ne5 13. Qc2 d6 14. Rb1 Bd7 15. b3 axb3 16. axb3 Rfc8 17. Bb2 Qc5 18. Nd5 Nxd5 19. exd5 b5 20. b4 Qc7 21. c5 Bf5 22. Be4 e6 23. dxe6 fxe6 24. Qb3 Nc4 25. Bxf5 Nxd2 26. Qxe6+ Kh8 27. cxd6 Qb7 28. Be4 Nxe4 29. Qxe4 Qxe4 30. Rxe4 Bxb2 31. Rxb2 Rc1+ 32. Kg2 Rd1 33. Re6 Rd8 34. Rc2 R8xd6 35. Rxd6 Rxd6 36. Rc5 Rb6 37. Rc7 Rd6 38. Rc5 Rb6 39. f4 Kg7 40. Kf3 Kf6 41. g4 Ke6 42. h4 Kd6 43. h5 Ke6 44. Ke4 Kd6 45. Rg5 Ke7 46. Kd5 Kf6 47. Kc5 Rb8 48. Rd5 gxh5 49. Rxh5 Kg6 50. Rd5 Rf8 51. Rd6+ Kg7 52. f5 h5 53. f6+ 1-0

[Event "POL-chT3 0607"]
[Site "Poland"]
[Date "2007.01.28"]
[Round "6.3"]
[White "Smykowski, Mateusz"]
[Black "Lunkiewicz, Dariusz"]
[Result "0-1"]
[WhiteElo "1924"]
[BlackElo "2107"]
[PlyCount "59"]
[EventDate "2006.11.12"]
[EventType "team"]
[EventRounds "11"]
[EventCountry "POL"]
[SourceTitle "EXT 2009"]
[Source "ChessBase"]
[SourceDate "2008.11.26"]
[SourceVersion "1"]
[SourceVersionDate "2008.11.26"]
[SourceQuality "1"]

1. e4 g6 2. Nf3 Bg7 3. Nc3 c5 4. d4 cxd4 5. Nxd4 Nc6 6. Nxc6 bxc6 7. Bc4 d6 8. Qf3 e6 9. 0-0 Ne7 10. Bg5 0-0 11. Bf6 d5 12. Rad1 Qc7 13. Bd3 Qb8 14. Ne2 e5 15. b3 d4 16. Ng3 c5 17. Bc4 Qb6 18. Bxg7 Kxg7 19. Qd3 f5 20. exf5 gxf5 21. Nh5+ Kh8 22. Rfe1 Qg6 23. Qe2 Nc6 24. Rd3 e4 25. Rh3 Ne5 26. Nf4 Qg4 27. Nd5 Qg6 28. Qd2 Nf3+ 29. Rxf3 exf3 30. g3 0-1

[Event "POL-chT3 0607"]
[Site "Poland"]
[Date "2007.01.14"]
[Round "5.33"]
[White "Szmidt, Przemyslaw"]
[Black "Lunkiewicz, Dariusz"]
[Result "1-0"]
[WhiteElo "1901"]
[BlackElo "2107"]
[PlyCount "73"]
[EventDate "2006.11.12"]
[EventType "team"]
[EventRounds "11"]
[EventCountry "POL"]
[SourceTitle "EXT 2009"]
[Source "ChessBase"]
[SourceDate "2008.11.26"]
[SourceVersion "1"]
[SourceVersionDate "2008.11.26"]
[SourceQuality "1"]

1. e4 e6 2. d4 d5 3. Nc3 Bb4 4. e5 c5 5. a3 Ba5 6. b4 cxd4 7. Qg4 Ne7 8. bxa5 dxc3 9. Qxg7 Rg8 10. Qxh7 Nbc6 11. f4 Qxa5 12. Rb1 b6 13. Nf3 Ba6 14. Ng5 Rf8 15. Bd3 d4 16. Ne4 Bxd3 17. Nf6+ Kd8 18. Qxd3 Kc7 19. 0-0 Rh8 20. Qc4 Rad8 21. a4 Ng8 22. Rb5 Qa6 23. f5 Nge7 24. fxe6 fxe6 25. Ba3 Nf5 26. Qxe6 Ne3 27. Nd5+ Nxd5 28. Rf7+ Nce7 29. Bxe7 Nxe7 30. Qxe7+ Kb8 31. Qc7+ Ka8 32. Qc6+ Kb8 33. a5 Rc8 34. Qd6+ Ka8 35. Qd5+ Kb8 36. axb6 Rhd8 37. bxa7# 1-0

[Event "POL-chT3 0607"]
[Site "Poland"]
[Date "2006.11.19"]
[Round "2.15"]
[White "Lunkiewicz, Dariusz"]
[Black "Krainski, Slawomir"]
[Result "1-0"]
[WhiteElo "2107"]
[BlackElo "2137"]
[PlyCount "85"]
[EventDate "2006.11.12"]
[EventType "team"]
[EventRounds "11"]
[EventCountry "POL"]
[SourceTitle "EXT 2009"]
[Source "ChessBase"]
[SourceDate "2008.11.26"]
[SourceVersion "1"]
[SourceVersionDate "2008.11.26"]
[SourceQuality "1"]

1. d4 g6 2. Nf3 Bg7 3. Bf4 d6 4. Nbd2 Nf6 5. e4 0-0 6. Bc4 Nh5 7. Bg5 h6 8. Bh4 Nf4 9. Kf1 Qe8 10. h3 e5 11. c3 b5 12. Bb3 Bb7 13. dxe5 dxe5 14. Bg3 Nd7 15. Bxf4 exf4 16. Qe2 Nc5 17. Bc2 a6 18. Kg1 Qe7 19. Kh2 Rad8 20. Rhd1 Rfe8 21. a4 Bc6 22. axb5 axb5 23. Ra7 Ra8 24. Rxa8 Rxa8 25. Nd4 Be8 26. N2f3 c6 27. Bb1 Ne6 28. e5 Rb8 29. Bd3 b4 30. Ra1 Bd7 31. Ra7 Qe8 32. Bc4 c5 33. Nxe6 Bxe6 34. Ra6 Bxc4 35. Qxc4 Qb5 36. Qxb5 Rxb5 37. Ra1 Bf8 38. Nd2 bxc3 39. bxc3 Kg7 40. Ne4 c4 41. Ra8 Ba3 42. Nf6 h5 43. h4 1-0

[Event "KPZS-ch"]
[Site "Sepolno Kraj"]
[Date "2006.06.30"]
[Round "9"]
[White "Karbowiak, Adam"]
[Black "Lunkiewicz, Dariusz"]
[Result "1-0"]
[WhiteElo "2249"]
[BlackElo "2134"]
[PlyCount "40"]
[EventDate "2006.06.24"]
[EventType "swiss"]
[EventRounds "9"]
[EventCountry "POL"]
[SourceTitle "EXT 2007"]
[Source "ChessBase"]
[SourceDate "2006.11.23"]
[SourceVersion "1"]
[SourceVersionDate "2006.11.23"]
[SourceQuality "1"]

1. Nf3 d5 2. g3 Nf6 3. Bg2 Nbd7 4. d4 e6 5. 0-0 Bd6 6. c4 c6 7. Nbd2 h5 8. Qc2 Nf8 9. e4 dxe4 10. Nxe4 Nxe4 11. Qxe4 Ng6 12. Re1 h4 13. d5 cxd5 14. cxd5 hxg3 15. fxg3 0-0 16. Bg5 Be7 17. Bxe7 Qxe7 18. Rad1 Qf6 19. d6 Qxb2 20. d7 Qxa2 1-0

[Event "KPZS-ch"]
[Site "Sepolno Kraj"]
[Date "2006.06.28"]
[Round "7"]
[White "Kukula, Pawel"]
[Black "Lunkiewicz, Dariusz"]
[Result "1-0"]
[WhiteElo "2185"]
[BlackElo "2134"]
[PlyCount "58"]
[EventDate "2006.06.24"]
[EventType "swiss"]
[EventRounds "9"]
[EventCountry "POL"]
[SourceTitle "EXT 2007"]
[Source "ChessBase"]
[SourceDate "2006.11.23"]
[SourceVersion "1"]
[SourceVersionDate "2006.11.23"]
[SourceQuality "1"]

1. Nc3 d5 2. e4 dxe4 3. Nxe4 Nf6 4. Ng3 h5 5. Bc4 h4 6. Nf1 e5 7. h3 Bc5 8. Qe2 Nc6 9. c3 Qe7 10. d3 Bf5 11. Bg5 0-0-0 12. Ne3 Qd7 13. Nxf5 Qxf5 14. Nf3 e4 15. dxe4 Nxe4 16. Bxd8 Bxf2+ 17. Kd1 Rxd8+ 18. Kc1 Ng3 19. Qxf2 Nxh1 20. Qxh4 Qc5 21. Kc2 Nf2 22. Re1 g5 23. Nxg5 Qf5+ 24. Ne4 Re8 25. Bd3 Nxd3 26. Kxd3 Qd5+ 27. Kc2 Ne5 28. Nf2 Qxg2 29. Qf6 Re6 1-0